00943nam a2200253 u 4500001001000000003000900010005001700019007000300036008004100039040003100080082003100111100004900142245010100191264005100292300002800343336002700371337003300398338002800431490001000459500007300469504003300542600006500575651004900640000020560DO-SdBPM20250911122853.0ta100810s1986 dr r 000 0 spa d aDO-SdBPMbspacBPMSU drda 4a923.27293bS194a 19862221 aAvelino , Francisco Antonio, d1935-eautor 10aCamino de la gloria bSánchez y la fundación de la República /cFrancisco Antonio Avelino. aSanto Domingo :bTalleres Luis Cabrera,c1986. a32 páginas ;c21 cm. atextobtxt2rdacontent asin mediaciónbn2rdamedia avolumenbnc2rdacarrier0 aOrfeo aIncluye referencias bibliográficas y notas al pie de las páginas aBibliografías [página 2910aSánchez, Francisco del Rosario, d1817-1861vBiografías  7aRepública DominicanaxHistoria y1844-1864